Were there when they signed the constitution / (Record no. 4828)

MARC details
000 -LEADER
fixed length control field 00949nam a22002657a 4500
001 - CONTROL NUMBER
control field 4828
003 - CONTROL NUMBER IDENTIFIER
control field FISKH
005 - DATE AND TIME OF LATEST TRANSACTION
control field 20241017102253.0
008 - FIXED-LENGTH DATA ELEMENTS--GENERAL INFORMATION
fixed length control field 241017b cb ||||| |||| 00| 0 eng d
020 ## - INTERNATIONAL STANDARD BOOK NUMBER
International Standard Book Number 9780590451598
040 ## - CATALOGING SOURCE
Original cataloging agency FISKH
Language of cataloging eng
Transcribing agency FISKH
Modifying agency FISKH
050 ## - LIBRARY OF CONGRESS CALL NUMBER
Classification number KF4541.Z9
082 ## - DEWEY DECIMAL CLASSIFICATION NUMBER
Classification number 342.73029
100 ## - MAIN ENTRY--PERSONAL NAME
Personal name Levy, Elizabeth
Dates associated with a name (1942-)
245 ## - TITLE STATEMENT
Title Were there when they signed the constitution /
Statement of responsibility, etc. By Elizabeth Levy Illustrated by by Joan Holub
250 ## - EDITION STATEMENT
Edition statement This edition first printing in 2006
260 ## - PUBLICATION, DISTRIBUTION, ETC.
Place of publication, distribution, etc. New York :
Name of publisher, distributor, etc. Scholastic,
Date of publication, distribution, etc. 2006.
300 ## - PHYSICAL DESCRIPTION
Extent 80 pages :
Other physical details Color illustrations ;
Dimensions 19 cm
520 ## - SUMMARY, ETC.
Summary, etc. Explains the developments leading up to the writing of the Constitution, what the Constitution is, and what happened during the Constitutional Convention.
650 ## - SUBJECT ADDED ENTRY--TOPICAL TERM
Source of heading or term History
Topical term or geographic name entry element Social studies
650 ## - SUBJECT ADDED ENTRY--TOPICAL TERM
Source of heading or term Non-fiction
Topical term or geographic name entry element Revolutionary War
700 ## - ADDED ENTRY--PERSONAL NAME
Personal name Holub, Joan
Dates associated with a name Illustrator
942 ## - ADDED ENTRY ELEMENTS (KOHA)
Source of classification or shelving scheme Dewey Decimal Classification
Koha item type Books
Suppress in OPAC No
Holdings
Withdrawn status Lost status Source of classification or shelving scheme Damaged status Not for loan Collection Home library Current library Shelving location Date acquired Total Checkouts Full call number Barcode Date last seen Copy number Price effective from Koha item type
    Dewey Decimal Classification     Non-Fiction Footprints International School Library Network Toul Kork Campus Footprints International School Library Network Toul Kork Campus A TK Campus, 4th Floor, Room B401, Non-Fiction Bookcases(7-8) 10/17/2024   LEV 342.73029 KF4541.Z9 2024-2154 10/17/2024 1 10/17/2024 Books